<?xml version="1.0" encoding="UTF-8"?>
<record
    xmlns:xsi="http://www.w3.org/2001/XMLSchema-instance"
    xsi:schemaLocation="http://www.loc.gov/MARC21/slim http://www.loc.gov/standards/marcxml/schema/MARC21slim.xsd"
    xmlns="http://www.loc.gov/MARC21/slim">

  <leader>00544nam a2200193 a 4500</leader>
  <controlfield tag="001">3192</controlfield>
  <controlfield tag="005">20140414131932.0</controlfield>
  <controlfield tag="008">060202s19uu    xx            00    eng d</controlfield>
  <datafield tag="020" ind1=" " ind2=" ">
    <subfield code="a">1-55280-248-5</subfield>
  </datafield>
  <datafield tag="050" ind1=" " ind2=" ">
    <subfield code="a">REF 590</subfield>
    <subfield code="b">G15 1995</subfield>
  </datafield>
  <datafield tag="100" ind1=" " ind2=" ">
    <subfield code="a">Ganeri, Anita</subfield>
  </datafield>
  <datafield tag="245" ind1=" " ind2=" ">
    <subfield code="a">Bizarre beasts :</subfield>
    <subfield code="b">and other oddities of nature /</subfield>
    <subfield code="c">Anita Ganeri.</subfield>
  </datafield>
  <datafield tag="260" ind1=" " ind2=" ">
    <subfield code="b">Big Face Books,</subfield>
    <subfield code="c">1995.</subfield>
    <subfield code="a">Singapore :</subfield>
  </datafield>
  <datafield tag="300" ind1=" " ind2=" ">
    <subfield code="a">30 p. : ill. ;  cm.</subfield>
  </datafield>
  <datafield tag="500" ind1=" " ind2=" ">
    <subfield code="a">Includes index</subfield>
  </datafield>
  <datafield tag="650" ind1=" " ind2=" ">
    <subfield code="a">Animals</subfield>
    <subfield code="x">Miscellanea</subfield>
  </datafield>
  <datafield tag="650" ind1=" " ind2=" ">
    <subfield code="a">Plants</subfield>
    <subfield code="x">Miscellanea</subfield>
  </datafield>
  <datafield tag="999" ind1=" " ind2=" ">
    <subfield code="c">112253</subfield>
    <subfield code="d">112253</subfield>
  </datafield>
  <datafield tag="952" ind1=" " ind2=" ">
    <subfield code="0">0</subfield>
    <subfield code="1">0</subfield>
    <subfield code="4">0</subfield>
    <subfield code="5">0</subfield>
    <subfield code="a">MU</subfield>
    <subfield code="b">MU</subfield>
    <subfield code="c">REF</subfield>
    <subfield code="d">2006-02-02</subfield>
    <subfield code="e">BookDrive</subfield>
    <subfield code="l">0</subfield>
    <subfield code="o">REF 590 G15 1995</subfield>
    <subfield code="p">M3478</subfield>
    <subfield code="r">2014-04-14 00:00:00</subfield>
    <subfield code="w">2014-04-14</subfield>
    <subfield code="y">BK</subfield>
  </datafield>
</record>
